| 000 | 01124pam a2200325 a 4500 | ||
|---|---|---|---|
| 001 | 015894364 | ||
| 003 | OSt | ||
| 005 | 20201128021115.0 | ||
| 008 | 110915t2013 xxua frb 001 0 eng d | ||
| 020 | _a9780132899505 (pbk.) | ||
| 020 | _a0132899507 (pbk.) | ||
| 040 |
_aStDuBDS _beng _cStDuBDS _dUk _dEG-ScBUE |
||
| 082 | 0 | 0 |
_a001.42 _222 _bLEE |
| 100 | 1 |
_aLeedy, Paul D. _9672 |
|
| 245 | 1 | 0 |
_aPractical research : _bplanning and design / _cPaul D. Leedy, Jeanne Ellis Ormrod. |
| 250 |
_a10th ed., _binternational ed. |
||
| 260 |
_aUpper Saddle River, United States : _bPearson Education, _cc.2013. |
||
| 300 |
_axix, 364 p. : _bill. ; _c28 cm. |
||
| 490 | 0 | _aAlways learning | |
| 500 | _aPrevious ed.: Boston, Mass. : Pearson Education International, 2010. | ||
| 500 | _aIncludes appendixes. | ||
| 500 | _aIndex : p. 353-364. | ||
| 504 | _aIncludes bibliographical references. | ||
| 504 | _aBibliography : p. 348-352. | ||
| 650 | 0 |
_aResearch _xMethodology _927690 |
|
| 653 |
_bBUSADM _bENGGEN _cNovember2014 |
||
| 655 |
_vreading book _934232 |
||
| 700 | 1 |
_aOrmrod, Jeanne Ellis _936409 |
|
| 942 |
_2ddc _k001.42 LEE |
||
| 999 |
_c18534 _d18506 |
||